| 000 | 01274cam a2200217 4500 | ||
|---|---|---|---|
| 001 | J124840 | ||
| 008 | 111205n2003 000 0 eng u | ||
| 035 | _a(Sirsi) u124840 | ||
| 041 | _aeng | ||
| 050 |
_a333.7. _c18 |
||
| 110 |
_aEnglish Partnerships _91764 |
||
| 245 | _aTowards a national brownfield strategy | ||
| 260 |
_aLondon _bEnglish Partnerships _c2003 |
||
| 520 | _aA comprehensive study undertaken to assess the amount of brownfield land in England. The study found that nearly a third of the 66 000 hectares of brownfield land identified on the National Land Use Database (NLUD) could readily become available for development. This would be a major contribution to government targets of developing 60 per cent of housing on brownfield land in the foreseeable future. About one-third of the land available is contained within Greater London, southeast and east of England; land here is also less likely to have restrictions on brownfield regeneration. | ||
| 650 | _aBROWNFIELD LAND | ||
| 650 | _aHOUSING TARGETS | ||
| 650 | _aSUSTAINABLE DEVELOPMENT | ||
| 690 | _aREGENERATION | ||
| 856 |
_uhttps://image.guardian.co.uk/sys-files/Society/documents/2003/11/06/brownfield.pdf _zView the report free of charge at http://image.guardian.co.uk |
||
| 942 | _n0 | ||
| 999 |
_c103293 _d103293 |
||